| 000 | 00695nam a2200277Ia 4500 | ||
|---|---|---|---|
| 001 | Z_5501 | ||
| 003 | CHAP | ||
| 005 | 20220920191058.0 | ||
| 008 | 220113s2004 xx 000 0 und d | ||
| 010 | _a168588 | ||
| 020 | _a978-84-200-1073-1 | ||
| 040 | _cCHAP | ||
| 082 | _a636.0824 G67y | ||
| 100 |
_aGordon, Ian _950018 |
||
| 245 |
_aTecnología de la reproducción de los animales de granja / _cIan Gordon |
||
| 260 |
_aZaragoza : _bAcribia, _c2004 |
||
| 300 | _a441p. | ||
| 503 | _ac/e | ||
| 650 |
_aGanado _xcría de |
||
| 650 |
_aGanado _xReproducción _944951 |
||
| 901 | _a636.0824 G67Y | ||
| 902 | _aA | ||
| 910 | _a2004 | ||
| 942 |
_cLIBRO _2ddc |
||
| 942 |
_cLIBRO _2ddc |
||
| 999 |
_c168588 _d168588 |
||